Fr. Conceicao Rodrigues College of Engineering

Textbook of Refrigeration and air conditioning (Record no. 36219)

MARC details
000 -LEADER
fixed length control field 00383nam a22001577a 4500
003 - CONTROL NUMBER IDENTIFIER
control field OSt
005 - DATE AND TIME OF LATEST TRANSACTION
control field 20250429111448.0
007 - PHYSICAL DESCRIPTION FIXED FIELD--GENERAL INFORMATION
fixed length control field 754 pages
008 - FIXED-LENGTH DATA ELEMENTS--GENERAL INFORMATION
fixed length control field 250429b |||||||| |||| 00| 0 eng d
020 ## - INTERNATIONAL STANDARD BOOK NUMBER
International Standard Book Number 9788121927819
040 ## - CATALOGING SOURCE
Transcribing agency
082 ## - DEWEY DECIMAL CLASSIFICATION NUMBER
Classification number 621.57
Item number KHU
245 ## - TITLE STATEMENT
Title Textbook of Refrigeration and air conditioning
Statement of responsibility, etc. Khurmi,R.S
260 ## - PUBLICATION, DISTRIBUTION, ETC.
Name of publisher, distributor, etc. S.Chand
Date of publication, distribution, etc. 1987
942 ## - ADDED ENTRY ELEMENTS (KOHA)
Source of classification or shelving scheme Dewey Decimal Classification
Koha item type BOOK
Suppress in OPAC No
Holdings
Withdrawn status Lost status Source of classification or shelving scheme Damaged status Not for loan Collection Home library Current library Date acquired Cost, normal purchase price Inventory number Total Checkouts Full call number Barcode Date last seen Price effective from Koha item type Date last checked out
    Dewey Decimal Classification     MECHANICAL Fr. Agnel's C.Rodrigues College of Engineering AGNEL TECHNICAL COLLEGE LIBRARY 29/04/2025 895.00 AO/25/03/1239 dt 21.03.2025 1 621.57/KHU 26700 15/05/2025 29/04/2025 BOOK 09/05/2025
    Dewey Decimal Classification     MECHANICAL Fr. Agnel's C.Rodrigues College of Engineering Fr. Agnel's C.Rodrigues College of Engineering 29/04/2025 895.00 AO/25/03/1239 dt 21.03.2025   621.57/KHU 26699 29/04/2025 29/04/2025 BOOK  
    Dewey Decimal Classification     MECHANICAL Fr. Agnel's C.Rodrigues College of Engineering Fr. Agnel's C.Rodrigues College of Engineering 29/04/2025 895.00 AO/25/03/1239 dt 21.03.2025   621.57/KHU 26701 29/04/2025 29/04/2025 BOOK  
    Dewey Decimal Classification     MECHANICAL Fr. Agnel's C.Rodrigues College of Engineering Fr. Agnel's C.Rodrigues College of Engineering 29/04/2025 895.00 AO/25/03/1239 dt 21.03.2025   621.57/KHU 26702 29/04/2025 29/04/2025 BOOK  
    Dewey Decimal Classification     MECHANICAL Fr. Agnel's C.Rodrigues College of Engineering Fr. Agnel's C.Rodrigues College of Engineering 29/04/2025 895.00 AO/25/03/1239 dt 21.03.2025   621.57/KHU 26703 29/04/2025 29/04/2025 BOOK